000 00987nam1a22002171i 4500
001 rc\365548
005 20240723221046.0
035 _a(NLR Aleph) 005634439
090 _a6604298
_c6604298
100 _a20030307g19899999u |0rusy50 ca
101 0 _arus
102 _aRU
105 _ay |||||||||
200 1 _aКаталог перспективных образцов самодельного туристского инвентаря и снаряжения
_fВЦСПС, Центр. совет по туризму и экскурсиям, Упр. самодеят. туризма, Всесоюз. н.-и. лаб. по туризму и экскурсиям
210 _aМ.
_cЦентр. рекл.-информ. бюро "Турист"
_d1989-
215 _d21
225 1 _aМетодические рекомендации
_fЦентр. рекл.-информ. бюро "Турист"
801 0 _aRU
_bNLR
_gpsbo
801 1 _aRU
_bELAR
_2rusmarc
852 _aNLR
_j89-6/355
942 _cBOOK